000 00940cad a22002175a 4500
001 E153141
008 110524e20110610xxka f s000 0 eng d
035 _a(Sirsi) u153141
041 0 _aeng
100 1 _aReid, Alasdair
245 0 4 _aEnergy
_bsubject profile
_h[electronic resource]
260 _aEdinburgh
_bScottish Parliament
_c2011
490 0 _aSPICe Briefing
_v(11/39) 10 June 2011
520 _aProvides an overview of the energy sector in Scotland, within a UK, European and Global context. Looks at issues such as renewables, energy generation, energy for transport and heating. Also discusses relevant policies and targets.
521 _aAdvanced
590 _aKA
651 4 _aScotland
_y1999-
690 _aENVIRONMENTAL AND LAND CONSULTANCY-ENERGY
856 4 0 _uhttps://www.scottish.parliament.uk/business/research/briefings-11/SB11-39.pdf
_zView the briefing free of charge at www.scottish.parliament.uk
942 _n0
999 _c112393
_d112393